000 00512 a2200205 4500
005 20260412104830.0
008 260410b |||||||| |||| 00| 0 eng d
020 _a9789370917682
_cRs. 2745.00
040 _aMAIN
082 _a581.3
_bB469R
100 _aBhavna Singh
245 _aReproductive world of plants
260 _bAgrotech Press
_c2026
_aNew Delhi
300 _aviii, 296
650 _aBotany
650 _aPlants
650 _aPhysiology
650 _aReproduction of Plants
942 _cBK
999 _c396046
_d396046